[Event "I Weekend A"]
[Site "Ragusa ITA"]
[Date "2000.01.22"]
[Round "2"]
[White "Rossi, Damiano"]
[Black "Culle', Salvatore"]
[Result "0-1"]
[WhiteElo "1714"]
[BlackElo "1696"]
[PlyCount "94"]
[EventDate "2000.01.22"]

1. d4 Nf6 2. c4 g6 3. Nc3 Bg7 4. e4 d6 5. Nf3 O-O 6. Be2 e5 7. d5 a5 8. O-O Na6
9. Ne1 Nc5 10. f3 Nh5 11. Nd3 Na6 12. Bd2 f5 13. f4 fxe4 14. Nxe4 Nxf4 15. Nxf4
exf4 16. Bxf4 Bxb2 17. Rb1 Bg7 18. Bg5 Qe8 19. Rxf8+ Qxf8 20. Bg4 b6 21. Bxc8
Qxc8 22. Qe2 Qd7 23. Qd2 Rf8 24. Rf1 Rxf1+ 25. Kxf1 Qf5+ 26. Qf4 Qxf4+ 27. Bxf4
h6 28. a3 Kf7 29. h4 a4 30. Bxd6 cxd6 31. Nxd6+ Kf8 32. Ke2 Bd4 33. Kd3 Bc5 34.
Nb5 Ke7 35. Ke4 Bd6 36. g4 Nc5+ 37. Ke3 Nd7 38. h5 g5 39. Ke4 Ne5 40. Kf5 Nxc4
41. Kg6 Nxa3 42. Kxh6 Nxb5 43. Kxg5 a3 44. h6 a2 45. Kg6 a1=Q 46. g5 Qb1+ 47.
Kg7 Be5+ 0-1

[Event "I Weekend A"]
[Site "Ragusa ITA"]
[Date "2000.01.23"]
[Round "3"]
[White "Culle', Salvatore"]
[Black "Nobile, Giancarlo"]
[Result "1-0"]
[WhiteElo "1696"]
[BlackElo "1837"]
[PlyCount "99"]
[EventDate "2000.01.22"]

1. e4 d6 2. d4 Nf6 3. Nc3 c6 4. f4 Qa5 5. Bd3 e5 6. Nf3 Nbd7 7. O-O Be7 8. Qe1
O-O 9. Nd5 Qd8 10. Nxf6+ Bxf6 11. dxe5 dxe5 12. f5 Nc5 13. Bc4 b5 14. Bb3 a5
15. Qe3 Qe7 16. c3 Nxb3 17. axb3 Bb7 18. Qf2 c5 19. Be3 Rfc8 20. g4 Qc7 21. g5
Be7 22. f6 gxf6 23. gxf6 Bxf6 24. Ng5 Bxg5 25. Bxg5 Ra6 26. Bf6 Bxe4 27. Qh4
Bg6 28. Qh6 Rxf6 29. Rxf6 Qd7 30. Qg5 Kh8 31. Qxe5 Qg4+ 32. Kf2 Kg8 33. Qf4 Qh5
34. Re1 Rd8 35. Rd6 Rxd6 36. Qxd6 Qf5+ 37. Kg1 h5 38. Re8+ Kh7 39. Qe5 Qg4+ 40.
Kf2 Qh4+ 41. Qg3 Qf6+ 42. Kg1 Qf5 43. Kg2 Qd7 44. Qe5 Qd2+ 45. Qe2 Qd5+ 46. Kf2
Qxb3 47. Qe5 Qc2+ 48. Kg3 f6 49. Re7+ Kg8 50. Qb8+ 1-0

[Event "I Weekend A"]
[Site "Ragusa ITA"]
[Date "2000.01.23"]
[Round "4"]
[White "Culle', Salvatore"]
[Black "Isonzo, David"]
[Result "1-0"]
[WhiteElo "1696"]
[BlackElo "2253"]
[PlyCount "95"]
[EventDate "2000.01.22"]

1. d4 Nf6 2. c4 g6 3. Nc3 d5 4. cxd5 Nxd5 5. e4 Nxc3 6. bxc3 Bg7 7. Nf3 c5 8.
Be3 O-O 9. Be2 Nc6 10. O-O Qa5 11. Qb3 cxd4 12. cxd4 Bg4 13. Rad1 Qb4 14. d5
Qxb3 15. axb3 Ne5 16. Nd4 Bxe2 17. Nxe2 Rfc8 18. Rc1 a6 19. Rxc8+ Rxc8 20. Rc1
Rxc1+ 21. Nxc1 Kf8 22. f3 f5 23. h3 Ke8 24. f4 Nd7 25. e5 Kd8 26. Kf1 Kc7 27.
Na2 b5 28. Nb4 Bh6 29. Nxa6+ Kb7 30. e6 Nf6 31. Nb4 Kc7 32. Bd4 Bxf4 33. Bxf6
exf6 34. Ke2 Bd6 35. Nc6 Bc5 36. b4 Bg1 37. Kd3 Kd6 38. Nd4 Bxd4 39. Kxd4 g5
40. Ke3 h5 41. h4 Ke7 42. Kd3 Kd6 43. Kd4 f4 44. Ke4 Ke7 45. Kf5 f3 46. gxf3
gxh4 47. Kf4 Kd6 48. Ke3 1-0